000 00780nam a2200253 i 4500
001 C2-0328595
003 PPAK
005 20180728125901.0
008 140825s2013 my a|||| ||||| | may d
020 _a9789830974231
040 _aPPAK
_beng
_cPPAK
_erda
082 0 4 _a297.352
_223
090 0 0 _a297.352
_bMOH
_dG
100 0 _aMohamad Zaki Abdul Halim,
_eauthor
245 1 0 _aDhuyufur-rahman
264 1 _aPetaling Jaya, Selangor :
_bGaleri Ilmu ,
_c2013
300 _axiv, 349 pages :
_billustrations ;
_c22 cm
336 _2rdacontent
_atext
337 _2rdamedia
_aunmediated
338 _2rdacarrier
_avolume
650 1 0 _aMuslim pilgrimages and pilgrimages - Saudi Arabia - Mecca. ; Pillars of Islam.
700 0 _aMohd Shafie Hashim,
_eeditor
942 _ddc
_cB
999 _c127951
_d127951